| Поле | Инд. | ПП | Название | Значение |
|---|---|---|---|---|
| Тип записи | a | |||
| Библиографический уровень | m | |||
| 001 | _ | Контрольный номер | RU/ЭБС IPR BOOKS/57797 | |
| 005 | Дата корректировки | 20250915131125.2 | ||
| 008 | Кодируемые данные | 211122s2016 RU y f j 000 1 rus u | ||
| 020 | a | ISBN | 978-5-906839-57-2 | |
| 040 | c | Служба, преобразующая запись | ЭБС IPR BOOKS | |
| 041 | a | Код языка текста | rus | |
| 044 | a | Код страны публикации | RU | |
| 080 | a | Индекс УДК | 79 | |
| 084 | 2 | Источник индекса | rubbk | |
| a | Индекс другой классификации/Индекс ББК | 75.1 | ||
| 100 | 1_ | a | Автор | Иссурин, В. Б. |
| 4 | Код отношения | 070 | ||
| 245 | a | Заглавие | Подготовка спортсменов XXI века | |
| b | Продолж. заглавия | научные основы и построение тренировки | ||
| c | Ответственность | В. Б. Иссурин; перевод И. Шаробайко | ||
| 250 | g | 2022-04-01 | ||
| a | Основные сведения об издании | Подготовка спортсменов XXI века | ||
| 256 | a | Характеристики компьютерного файла | Электрон. дан. (1 файл) | |
| 260 | a | Место издания | Москва | |
| b | Издательство | Издательство «Спорт» | ||
| c | Дата издания | 2016 | ||
| 300 | a | Объем | 464 с. | |
| 500 | a | Примечание | Книга находится в премиум-версии ЭБС IPR BOOKS. | |
| 516 | a | Прим. о типе комп. файла/ данных | Текст | |
| 520 | a | Аннотация | В книге анализируются и обобщаются методологические основы современной спортивной тренировки, её базовые концепции, принципы и подходы; содержатся сведения по планированию традиционной и альтернативных моделей подготовки, включая особенности выявления таланта в спорте. Особое внимание уделяется применению инновационных технологий, повышающих степень реализации психофизиологических способностей спортсмена и эффективность тренировки для развития основных двигательных качеств. Для тренеров, специалистов, научных работников, преподавателей, аспирантов и студентов высших учебных заведений сферы физической культуры и спорта. | |
| 521 | a | Примеч. о целев. назн. | Гарантированный срок размещения в ЭБС до 01.04.2022 (автопролонгация) | |
| 538 | a | Прим. о системных особенностях | электронный | |
| 653 | a | Ключевые слова | спорт | |
| 653 | a | Ключевые слова | тренировка | |
| 653 | a | Ключевые слова | методика | |
| 700 | 1_ | a | Другие авторы | Шаробайко, И. |
| 4 | Код отношения | 730 | ||
| 856 | 4_ | u | URL | http://www.iprbookshop.ru/57797.html |
| z | Примечание для пользователя | Участвует в КО |